Television Quiz

Random Television or War Quiz
Score 0/6 Timer 03:00
0 Plays Today
Seasons Player % Correct
Cook Islands, Micronesia, Heroes vs. Villains & Winners at War Parvati Shallow
99.2%
Pearl Islands, Heroes vs. Villains, Game Changers & Winners at War Sandra Diaz-Twine
98.3%
Tocantins, Heroes vs. Villains, Blood vs. Water & Winners at War Tyson Apostol
97.5%
Pearl Islands, All-Stars, Heroes vs. Villains & Blood vs. WaterRupert Boneham
95.9%
Cook Islands, Micronesia, South Pacific & Game Changers Oscar 'Ozzy' Lusth
94.2%
Exile Island, Micronesia, Heroes vs. Villains & Game Changers Cirie Fields
91.7%
Come Together.
Have Fun.
All Virtual.
We all need to come together. Play Sporcle's virtual live trivia to have fun, connect with people, and get your trivia on. Join a live hosted trivia game for your favorite pub trivia experience done virtually. If a virtual private party is more your thing, go here for details.

You're not logged in!

Compare scores with friends on all Sporcle quizzes.
OR
Log In

Sporcle TV

Today on Sporcle TV


Watch our educational content, quiz creation guides, and fun videos on Sporcle TV.

Show Comments

Extras

Top Quizzes Today


Score Distribution

Paid Content

Your Account Isn't Verified!

In order to create a playlist on Sporcle, you need to verify the email address you used during registration. Go to your Sporcle Settings to finish the process.

Report this User

Report this user for behavior that violates our Community Guidelines.

Details: